| 000 | 00621nam a22001457a 4500 | ||
|---|---|---|---|
| 020 | _a0-14-130245-3 | ||
| 082 |
_a823 _bKIN/A |
||
| 100 | _aKING-SMITH, DICK | ||
| 245 |
_aACE _bMEET BABE;S GREAT-GRANDSON |
||
| 260 |
_aLONDON _bPUFFIN BOOKS _c1999 |
||
| 300 | _a120 | ||
| 520 | _aAce's Story is told from the perspective of 'Deuce', a man stranded on a deserted island who bumps into Ace under the same predicament. He takes a while to come around to him, but eventually forms a close enough bond with Ace to become the first member of Ace's original pirate crew; The Spade Pirates. | ||
| 650 | _aSHORT STORY | ||
| 942 | _cBK | ||
| 999 |
_c5938 _d5938 |
||